| 000 | 00000nam##2200000za#4500 |
| 001 | 9.572149 |
| 003 | CaOODSP |
| 005 | 20220111083047 |
| 007 | cr ||||||||||| |
| 008 | 150406|1992||||xxc|||||o f|0| 0 eng|d |
| 022 | |a1928-6414 |
| 040 | |aCaOODSP|beng |
| 043 | |an-cn--- |
| 086 | 1 |aNE22-1/1992-14E-PDF |
| 110 | 1 |aCanada. |bNational Energy Board. |
| 245 | 10|aReasons for decision in the matter of an application under the National Energy Board Act of The Manitoba Hydro-Electric Board for exports of electricity to Northern States Power Company and United Power Association |h[electronic resource] |
| 246 | 1 |iVariant title : |aThe Manitoba Hydro-Electric Board |
| 260 | |aCalgary - Alberta : |bNational Energy Board |c[June 1992]. |
| 300 | |a30p. |
| 490 | 1 |aReasons for decision |x1928-6414|vEW-1-91 |
| 590 | |a12-06-Supp|b2012-03-07 |
| 775 | 08|tMotifs de décision relativement à La Régie de l'hydro-électricité du Manitoba : |w(CaOODSP)9.602558 |
| 776 | 0#|tThe Manitoba Hydro-Electric Board : |w(CaOODSP)9.610098 |
| 830 | #0|aReasons for decision (Canada. National Energy Board)|x1928-6414|vEW-1-91|w(CaOODSP)9.504480 |
| 856 | 40|ahttp://publications.gc.ca|qPDF|s48 KB|uhttps://publications.gc.ca/collections/collection_2011/one-neb/NE22-1-1992-14-eng.pdf|yEW-1-91 |